00423nam a2200157Ia 4500003000400000005001700004008004100021020001800062040000900080082002400089100002700113245006000140260004300200300000900243650001300252OSt20200709121657.0190216s9999||||xx |||||||||||||| ||und|| a9788184842784 coclc a305.48697054bTAB/S aTabasum, Mufti Samiya  0aStatus Of Muslim Women In India /cMufti Samiya Tabasum bRegal Publications,c2013.aNew Delhi: a321p aCommerce